| 000 | 00450nam a2200181Ia 4500 | ||
|---|---|---|---|
| 001 | 8607 | ||
| 005 | 20260306160622.0 | ||
| 008 | 260306t2012||||xx |||||||||||||| ||spa|| | ||
| 041 | _aESP | ||
| 082 |
_a371.2 _bG394 |
||
| 100 |
_aGvirtz, Silvina _eAUT |
||
| 245 | 0 |
_aConstruir una buena escuela: _bherramientas para el director |
|
| 260 | _c2012 | ||
| 300 |
_a167 páginas : _c22 cm. |
||
| 650 | _aGEN | ||
| 654 | _aCED | ||
| 942 |
_cLIB _dJUS _fJUS _2ddc _n |
||
| 999 |
_c8607 _d8607 |
||